| 000 | 00411nam a2200169Ia 4500 | ||
|---|---|---|---|
| 001 | 7806 | ||
| 003 | IN-NITTTR | ||
| 005 | 20251114233032.0 | ||
| 008 | 251113s9999||||xx |||||||||||||| ||eng|| | ||
| 040 | _beng | ||
| 040 | _cIN-NITTTR | ||
| 041 | _aeng | ||
| 082 | _a294 S71A | ||
| 100 | _aSaraswati, Chandrasekharendra | ||
| 245 | 0 |
_aAspects of our religion / _cSaraswati, Chandrasekharendra |
|
| 942 |
_2ddc _cBK |
||
| 999 |
_c10444 _d10444 |
||